000 00561nam a2200217Ia 4500
003 OSt
005 20220926044528.0
006 a|||||r|||| 00| 0
007 ta
008 220923b |||||||| |||| 00| 0 eng d
037 _cGeneral Book
040 _aRTL
_cRTL
_beng
041 _2eng
_aeng
082 _aX93.2W, K0/EC
110 _aIndia, Lok Sabha Estimates (Committee)
245 0 _a73 Report
260 _c1960
700 _aIndia, Lok Sabha Estimates (Committee)
942 _hX93.2W, K0/EC
_cGB
_2CC
999 _c675123
_d675123